History Quiz

Random History or City Quiz
Score 0/58 Timer 10:00
0 Plays Today
Year Location % Correct
1851London
96.3%
1855Paris
96.3%
1862London
96.3%
1867Paris
96.3%
1878Paris
96.3%
1889Paris
96.3%
1900Paris
96.3%
1937Paris
96.3%
1939/1940New York
95%
1964/1965New York
95%
1893Chicago
88.8%
1933Chicago
88.8%
1888Barcelona
77.5%
1929/1930Barcelona
77.5%
1906Milan
73.8%
2015Milan
73.8%
1879/1880Sydney
72.5%
1880/1881Melbourne
70%
1897Brussels
68.8%
1910Brussels
68.8%
1915San Francisco
68.8%
1935Brussels
68.8%
1958Brussels
68.8%
2010Shanghai
68.8%
1873Vienna
66.3%
1904St. Louis
65%
1998Lisbon
65%
1967Montreal
62.5%
1909Seattle
58.8%
Year Location % Correct
1962Seattle
58.8%
1986Vancouver
58.8%
1876Philadelphia
57.5%
1970Osaka
55%
1922/1923Rio de Janeiro
52.5%
1907Dublin
51.3%
1911Turin
50%
1984New Orleans
42.5%
2020Dubai
41.3%
1988Brisbane
37.5%
1929/1930Seville
35%
1992Seville
35%
2000Hanover
32.5%
1915-1917San Diego
31.3%
1901Buffalo
25%
1968San Antonio
23.8%
1992Genoa
21.3%
1982Knoxville
18.8%
2008Zaragoza
18.8%
2017Astana
18.8%
1905Liège
16.3%
1913Ghent
12.5%
1974Spokane
11.3%
2005Aichi
11.3%
1985Tsukuba
8.8%
1993Daejon
8.8%
1949/1950Port-au-Prince
7.5%
2012Yeosu
7.5%
1907Norfolk
6.3%
Remove Ads.
Support Sporcle.
Get the best of Sporcle when you Go Orange. This ad-free experience offers more features, more stats, and more fun while also helping to support Sporcle. Thank you for becoming a member.

You're not logged in!

Compare scores with friends on all Sporcle quizzes.
OR
Log In

Show Comments

Extras

Top Quizzes Today


Score Distribution

Your Account Isn't Verified!

In order to create a playlist on Sporcle, you need to verify the email address you used during registration. Go to your Sporcle Settings to finish the process.

Report this User

Report this user for behavior that violates our Community Guidelines.

Details: